TSG Hoffenheim Trainer - Statistiken

Allgemein
  • Dieses Quiz wurde 82 mal gespielt
  • Das Durchschnittsergebnis liegt bei 9 aus 19
Antwortstatistiken
Hint Antwort % Korrekt
02/2016 - 06/2019 Julian Nagelsmann
96%
06/2006 - 01/2011 Ralf Rangnick
82%
02/2023 - 11/2024 Pellegrino Matarazzo
80%
07/2020 - 05/2022 Sebastian Hoeneß
79%
11/2024 - Christian Ilzer
67%
10/2015 - 02/2016 Huub Stevens
67%
07/2000 - 11/2005 Hans-Dieter Flick
66%
04/2013 -10/2015 Markus Gisdol
66%
07/2022 - 02/2023 André Breitenreiter
55%
02/2012 - 12/2012 Markus Babbel
50%
07/2019 - 06/2020 Alfred Schreuder
49%
06/2011 - 02/2012 Holger Stanislawski
36%
01/2013 - 04/2013 Marco Kurz
34%
12/2012 - 12/2012 Franz Kramer
26%
06/2020 - 06/2020 Marcel Rapp
24%
01/2011 - 06/2011 Marco Pezzaiuoli
21%
01/2006 - 05/2006 Lorenz-Günther Köstner
13%
05/2006 - 06/2006 Alfred Schön
8%
11/2005 - 01/2006 Roland Dickgießer
7%
Keine übereinstimmenden Quizze gefunden
Verteilung der Resultate
Anzahl Personen mit jedem Resultat
Perzentil nach korrekt beantworteten Fragen
Ihre Resultats-Entwicklung
Sie haben dieses Quiz noch nicht gespielt